000 00379nam a2200157Ia 4500
008 230711s9999||||xx |||||||||||||| ||und||
041 _aENG
082 _a352.67
_bAR-P
100 _aPuran Chand Arora
245 0 _aPay Fixation Rules 1950 to 2014
250 _a2nd Ed.
260 _c2014
_aPatiala
_bPatiala Law House
300 _a1213p.
650 _aLiterature
942 _cBK
999 _c6844
_d6844